| 000 -LEADER |
| fixed length control field |
01344cam a22003254a 4500 |
| 001 - CONTROL NUMBER |
| control field |
12553718 |
| 005 - DATE AND TIME OF LATEST TRANSACTION |
| control field |
20200220114701.0 |
| 008 - FIXED-LENGTH DATA ELEMENTS--GENERAL INFORMATION |
| fixed length control field |
011002s2011 mdua 001 0 eng |
| 010 ## - LIBRARY OF CONGRESS CONTROL NUMBER |
| LC control number |
2001050416 |
| 020 ## - INTERNATIONAL STANDARD BOOK NUMBER |
| International Standard Book Number |
0781731941 |
| 040 ## - CATALOGING SOURCE |
| Original cataloging agency |
DLC |
| Transcribing agency |
DLC |
| Modifying agency |
DLC |
| 042 ## - AUTHENTICATION CODE |
| Authentication code |
pcc |
| 050 00 - LIBRARY OF CONGRESS CALL NUMBER |
| Classification number |
QM25 |
| Item number |
.R55 2002 |
| 080 ## - UNIVERSAL DECIMAL CLASSIFICATION NUMBER |
| Universal Decimal Classification number |
611(084.4) R-72 |
| 082 00 - DEWEY DECIMAL CLASSIFICATION NUMBER |
| Classification number |
611/.0022/2 |
| Edition number |
21 |
| 100 1# - MAIN ENTRY--PERSONAL NAME |
| Personal name |
Rohen, Johannes W. |
| Fuller form of name |
(Johannes Wilhelm) |
| 9 (RLIN) |
7217 |
| 245 10 - TITLE STATEMENT |
| Title |
Color atlas of anatomy : |
| Remainder of title |
a photographic study of the human body / |
| Statement of responsibility, etc. |
Johannes W. Rohen, Chihiro Yokochi, Elke Lütjen-Drecoll. |
| 264 ## - PRODUCTION, PUBLICATION, DISTRIBUTION, MANUFACTURE, AND COPYRIGHT NOTICE |
| Place of production, publication, distribution, manufacture |
Baltimore, MD : |
| Name of producer, publisher, distributor, manufacturer |
Lippincott Williams & Wilkins, |
| Date of production, publication, distribution, manufacture, or copyright notice |
2002. |
| 300 ## - PHYSICAL DESCRIPTION |
| Extent |
xii, 500 p. : |
| Other physical details |
col. ill. ; |
| Dimensions |
31 cm. |
| 500 ## - GENERAL NOTE |
| General note |
Includes index. |
| 650 #0 - SUBJECT ADDED ENTRY--TOPICAL TERM |
| Topical term or geographic name entry element |
Human anatomy |
| Form subdivision |
Atlases. |
| 9 (RLIN) |
7218 |
| 653 ## - INDEX TERM--UNCONTROLLED |
| keyword |
ანატომიის ფერადი ატლასი |
| 700 1# - ADDED ENTRY--PERSONAL NAME |
| Personal name |
Yokochi, Chihiro. |
| 9 (RLIN) |
7219 |
| 700 1# - ADDED ENTRY--PERSONAL NAME |
| Personal name |
Lütjen-Drecoll, Elke. |
| 9 (RLIN) |
7220 |
| 856 42 - ELECTRONIC LOCATION AND ACCESS |
| Materials specified |
Publisher description |
| Uniform Resource Identifier |
http://www.loc.gov/catdir/enhancements/fy0711/2001050416-d.html |
| 856 41 - ELECTRONIC LOCATION AND ACCESS |
| Materials specified |
Table of contents only |
| Uniform Resource Identifier |
http://www.loc.gov/catdir/enhancements/fy1012/2001050416-t.html |
| 906 ## - LOCAL DATA ELEMENT F, LDF (RLIN) |
| a |
7 |
| b |
cbc |
| c |
orignew |
| d |
1 |
| e |
ocip |
| f |
20 |
| g |
y-gencatlg |
| 942 ## - ADDED ENTRY ELEMENTS (KOHA) |
| Source of classification or shelving scheme |
|
| Koha item type |
წიგნი |